| 000 | 00438nam a2200097Ia 4500 | ||
|---|---|---|---|
| 008 | 180130s9999 xx 000 0 und d | ||
| 245 |
_cAl-Sakran, Hasan Omar; Kharma, Qasem; Serguievskala, Irina _aAgent based framework architecture for supporting content adaptation for mobile government |
||
| 260 | _c2016 | ||
| 300 | _aBook title: Recent developments in mobile technology--Acession number C20742; pages 38-43 | ||
| 650 | _aMOBILE TECHNOLOGY | ||
| 999 |
_c353760 _d353760 |
||